Ekonomika i organizacija promyšlennogo proizvodstva

Enregistré dans:
Détails bibliographiques
Format: Publication en série
Langue:russe
Publié: Novosibirsk Nauka 1983
Tags: Ajouter un tag
Pas de tags, Soyez le premier à ajouter un tag!

MARC

LEADER 00000nas2a2200000 4500
001 s121126
005 20250730114205.7
041 0 |a rus 
044 |a RU 
245 1 0 |a Ekonomika i organizacija promyšlennogo proizvodstva 
264 1 |a Novosibirsk  |b Nauka  |c 1983 
300 |a 1 zv. 
773 0 |w eu_un_cat*s120484